| 000 | 00594nam a2200133Ia 4500 | ||
|---|---|---|---|
| 008 | 170516s9999 xx 000 0 und d | ||
| 245 | _aContrast Medium Induced Nephropathy after Endovascular Stent Graft Placement: An Examination of Its Prevalence and Risk Factors, Yohei Kawatani, Yoshitsugu Nakamura, Yoshihiko Mochida, Naoya Yamauchi, Yujiro Hayashi, Tetsuyoshi Taneichi, Yujiro Ito, Hirot | ||
| 260 | _bRadiology Research and Practice | ||
| 260 | _c2017 | ||
| 300 | _a: | ||
| 650 | _xRadiologic Technology | ||
| 650 | _xRadtech | ||
| 856 | _uhttps://www.hindawi.com/journals/rrp/contents/ | ||
| 999 |
_c332285 _d332285 |
||